Estadísticas para Top 10 Países con el Mayor Número de Hindúes

Haz click aquí para tomar la prueba!

Estadísticas generales

  • Esta prueba ha sido tomada 2.119 veces
  • La puntuación promedio es 8 de 10

Estadísticas de respuestas

# de hindúesPaís% Correcto
1,040 milIndia
99%
3.63 milPakistán
91%
13.6 milBangladés
88%
23.5 milNepal
87%
10.0 milIndonesia
81%
2.67 milSri Lanka
80%
0.893 milMyanmar
78%
2.23 milEstados Unidos
74%
1.95 milMalasia
68%
0.832 milReino Unido
61%

Distribución de puntuación

Porcentaje por número respondido

Porcentaje de gente con cada puntuación

Historial de tus puntuaciones

No has tomado esta prueba